[Event "Unterfranken-ch HT 52th"]
[Site "Massbach"]
[Date "2001.04.19"]
[Round "?"]
[White "Merkel, Michael"]
[Black "Werner, Stefan1111"]
[Result "1/2-1/2"]
[WhiteElo "1475"]
[BlackElo "1687"]
[PlyCount "109"]
[EventDate "2001.04.16"]
[EventType "swiss"]
[EventRounds "9"]
[EventCountry "GER"]
[SourceTitle "EXT 2015"]
[Source "ChessBase"]
[SourceDate "2014.11.20"]
[SourceVersion "1"]
[SourceVersionDate "2014.11.20"]
[SourceQuality "1"]

1. d4 Nf6 2. c4 g6 3. Nc3 Bg7 4. Nf3 d6 5. Bg5 Nbd7 6. e3 0-0 7. Be2 b6 8. 0-0 Bb7 9. Re1 Re8 10. Bf1 e5 11. d5 h6 12. Bh4 Nf8 13. Nd2 N8h7 14. Qc2 Qd7 15. Nde4 Nxe4 16. Nxe4 f5 17. Nc3 a6 18. a4 Nf6 19. h3 Kh7 20. Bxf6 Bxf6 21. f3 Rac8 22. Qb3 Rb8 23. Qc2 c6 24. dxc6 Bxc6 25. Nd5 Bxd5 26. cxd5 Rbc8 27. Qb3 Qb7 28. e4 f4 29. Rac1 a5 30. Bb5 Red8 31. Qd3 Rc5 32. Rc2 Rxc2 33. Qxc2 Rc8 34. Qd2 Rc5 35. Rc1 Qc7 36. Bc6 h5 37. Qe1 Qd8 38. Rxc5 bxc5 39. Qe2 Qb6 40. Kf1 Qb3 41. Bb5 Qa2 42. Qc2 Qa1+ 43. Ke2 Qg1 44. Kd3 Qd4+ 45. Ke2 Bh4 46. Qd2 Qg1 47. Kd3 Be1 48. Qe2 Bb4 49. Kc2 g5 50. Qf1 Qd4 51. Qd3 Qf2+ 52. Qe2 Qg3 53. Bd7 Be1 54. Kb3 Bf2 55. Qa6 1/2-1/2

[Event "Unterfranken-ch HT 52th"]
[Site "Massbach"]
[Date "2001.04.17"]
[Round "2"]
[White "Hofmann, Andreas"]
[Black "Merkel, Michael"]
[Result "0-1"]
[WhiteElo "1636"]
[BlackElo "1475"]
[PlyCount "42"]
[EventDate "2001.04.16"]
[EventType "swiss"]
[EventRounds "9"]
[EventCountry "GER"]
[SourceTitle "EXT 2015"]
[Source "ChessBase"]
[SourceDate "2014.11.20"]
[SourceVersion "1"]
[SourceVersionDate "2014.11.20"]
[SourceQuality "1"]

1. e4 d6 2. d4 Nf6 3. Nc3 g6 4. f4 Bg7 5. Nf3 0-0 6. Bd3 Nbd7 7. 0-0 e5 8. dxe5 dxe5 9. f5 Nc5 10. fxg6 hxg6 11. Bg5 c6 12. Nxe5 Qd4+ 13. Kh1 Qxe5 14. Bf4 Qd4 15. Ne2 Qd7 16. Ng3 Re8 17. Qf3 Qg4 18. Bd6 Nxd3 19. Qxd3 Nxe4 20. Rf4 Qxf4 21. Bxf4 Nf2+ 0-1